Państwa produkujące najwięcej pomidorów - Statystyki

Ogólne statystyki
  • Ten quiz został rozwiązany 30 razy
  • Średni wynik to 11 z 15
Statystyki odpowiedzi
Tony (mln) Kraj % Poprawnych
70,1 Chiny
96%
20,4 Indie
96%
12,4 Stany Zjednoczone
96%
4,2 Brazylia
93%
4,0 Hiszpania
93%
6,0 Włochy
93%
4,4 Meksyk
89%
13,3 Turcja
89%
2,7 Rosja
85%
6,2 Egipt
74%
1,8 Portugalia
67%
1,7 Ukraina
67%
3,4 Iran
52%
3,8 Nigeria
41%
2,2 Uzbekistan
15%
Nie znaleziono quizów pasujących do podanych kryteriów
Rozkład punktacji
Procent ludzi z każdym wynikiem
Percentyl według liczby udzielonych odpowiedzi
Twoja historia wyników
Nie rozwiązałeś tego quizu